[Event "Titled Tuesday intern op 11th Oct Late"]
[Site "Chess.com INT"]
[Date "2022.10.11"]
[Round "10"]
[White "Matinian, Nikita"]
[Black "Reshetnikov, Alexey"]
[Result "1/2-1/2"]
[WhiteElo "2425"]
[BlackElo "2492"]
[PlyCount "99"]
[EventDate "2022.10.11"]
[EventType "swiss (blitz)"]
[EventRounds "11"]
[EventCountry "USA"]
[SourceTitle "EXT 2024"]
[Source "ChessBase"]
[SourceDate "2023.10.10"]
[SourceVersion "1"]
[SourceVersionDate "2023.10.10"]
[SourceQuality "1"]

1. e4 c5 2. Nf3 d6 3. d4 cxd4 4. Nxd4 Nf6 5. Nc3 Nc6 6. Bg5 Bd7 7. Qd3 Rc8 8. Nxc6 Bxc6 9. 0-0-0 Qa5 10. Bxf6 gxf6 11. Kb1 e6 12. f4 Be7 13. Be2 h5 14. Qh3 b5 15. Bxh5 Kf8 16. Nd5 b4 17. Rhe1 Bb7 18. Nxe7 Rxh5 19. Qd3 Rd8 20. e5 Kxe7 21. exd6+ Kf8 22. Qd4 Bd5 23. b3 Rxd6 24. Qxf6 Ra6 25. a4 bxa3 26. c4 Qb4 27. cxd5 Qxb3+ 28. Ka1 Qb2+ 29. Qxb2 axb2+ 30. Kxb2 Rxh2 31. Re2 exd5 32. Rxd5 Rg6 33. Rdd2 Rg3 34. Rf2 Kg7 35. f5 a5 36. f6+ Kg6 37. Rd8 Kh7 38. Rdd2 a4 39. Ka2 Kg6 40. Rd8 Kh7 41. Rf8 Rgxg2 42. Rxf7+ Kh6 43. Rxg2 Rxg2+ 44. Ka3 Rf2 45. Kxa4 Kg6 46. Rb7 Rxf6 47. Ka5 Rf5+ 48. Rb5 Rf6 49. Rb6 Rxb6 50. Kxb6 1/2-1/2

[Event "Titled Tuesday intern op 11th Oct Late"]
[Site "Chess.com INT"]
[Date "2022.10.11"]
[Round "3"]
[White "Poltorak, Sebastian"]
[Black "Reshetnikov, Alexey"]
[Result "0-1"]
[WhiteElo "2332"]
[BlackElo "2492"]
[PlyCount "44"]
[EventDate "2022.10.11"]
[EventType "swiss (blitz)"]
[EventRounds "11"]
[EventCountry "USA"]
[SourceTitle "EXT 2024"]
[Source "ChessBase"]
[SourceDate "2023.10.10"]
[SourceVersion "1"]
[SourceVersionDate "2023.10.10"]
[SourceQuality "1"]

1. d4 Nf6 2. c4 c6 3. Nf3 d5 4. Qb3 g6 5. Nc3 Bg7 6. Bf4 0-0 7. e3 dxc4 8. Bxc4 Nbd7 9. 0-0 Nb6 10. Be2 Be6 11. Qc2 Nbd5 12. Bg3 Bf5 13. Bd3 Nb4 14. Bxf5 Nxc2 15. Bxc2 Nd5 16. Rfc1 Nxc3 17. bxc3 c5 18. Be4 cxd4 19. cxd4 Rc8 20. Bxb7 Rxc1+ 21. Rxc1 Qa5 22. Rc2 Qb5 0-1

[Event "Titled Tuesday intern op 11th Oct Late"]
[Site "Chess.com INT"]
[Date "2022.10.11"]
[Round "4"]
[White "Reshetnikov, Alexey"]
[Black "Sourath, Biswas"]
[Result "1-0"]
[WhiteElo "2492"]
[BlackElo "2264"]
[PlyCount "52"]
[EventDate "2022.10.11"]
[EventType "swiss (blitz)"]
[EventRounds "11"]
[EventCountry "USA"]
[SourceTitle "EXT 2024"]
[Source "ChessBase"]
[SourceDate "2023.10.10"]
[SourceVersion "1"]
[SourceVersionDate "2023.10.10"]
[SourceQuality "1"]

1. e4 c6 2. d4 d5 3. e5 Bf5 4. h4 h5 5. c4 e6 6. Nc3 Bb4 7. Nge2 dxc4 8. Ng3 Bg6 9. Bxc4 Nh6 10. Bg5 Qb6 11. 0-0 Nf5 12. Nxf5 Bxf5 13. Qe2 Nd7 14. Rad1 Nf8 15. Ne4 Ng6 16. a3 Bxe4 17. Qxe4 Be7 18. Bxe6 Bxg5 19. hxg5 Ne7 20. Bc4 Qxb2 21. Rb1 Qxa3 22. Rxb7 0-0 23. g6 Nd5 24. gxf7+ Kh8 25. Bxd5 cxd5 26. Qg6 Qa6 1-0

[Event "Titled Tuesday intern op 11th Oct Late"]
[Site "Chess.com INT"]
[Date "2022.10.11"]
[Round "5"]
[White "Zeynalov, Rashad"]
[Black "Reshetnikov, Alexey"]
[Result "1-0"]
[WhiteElo "2200"]
[BlackElo "2492"]
[PlyCount "103"]
[EventDate "2022.10.11"]
[EventType "swiss (blitz)"]
[EventRounds "11"]
[EventCountry "USA"]
[SourceTitle "EXT 2024"]
[Source "ChessBase"]
[SourceDate "2023.10.10"]
[SourceVersion "1"]
[SourceVersionDate "2023.10.10"]
[SourceQuality "1"]

1. d4 Nf6 2. Bf4 d5 3. e3 c5 4. c3 Qb6 5. Qb3 Nc6 6. Nd2 Bf5 7. dxc5 Qxb3 8. axb3 e5 9. Bg3 Bxc5 10. Ngf3 Nd7 11. b4 Bd6 12. Nd4 Nxd4 13. exd4 f6 14. Bb5 Ke7 15. Nb3 a6 16. Bxd7 Kxd7 17. dxe5 fxe5 18. 0-0-0 Be6 19. Rhe1 d4 20. Nc5+ Bxc5 21. bxc5 Bb3 22. Rd2 Kc6 23. Rxe5 d3 24. Rxd3 Rad8 25. Rd6+ Rxd6 26. cxd6 Rd8 27. Re7 Rd7 28. Re8 Bd5 29. f3 a5 30. Rc8+ Kb5 31. Kc2 a4 32. Kd3 Bc6 33. c4+ Kb4 34. Be5 Kb3 35. c5 g6 36. Rc7 Kb4 37. h4 Kxc5 38. Rc8 Kd5 39. f4 Rf7 40. g4 Kc5 41. h5 Kb4 42. hxg6 hxg6 43. Rg8 Rh7 44. Rxg6 Rh3+ 45. Kd4 Kb3 46. Kc5 Rd3 47. Rg7 Rd5+ 48. Kb6 Rxe5 49. fxe5 Kxb2 50. d7 a3 51. d8Q a2 52. Qd4+ 1-0

[Event "Wch Blitz"]
[Site "Moscow"]
[Date "2019.12.30"]
[Round "21"]
[White "Reshetnikov, Alexey"]
[Black "Tsvetkov, Andrey1111"]
[Result "1-0"]
[WhiteElo "2492"]
[BlackElo "2350"]
[PlyCount "113"]
[EventDate "2019.12.29"]
[EventType "swiss (blitz)"]
[EventRounds "21"]
[EventCountry "RUS"]
[SourceTitle "CBM 193 Extra"]
[Source "ChessBase"]
[SourceDate "2020.01.31"]
[SourceVersion "1"]
[SourceVersionDate "2020.01.31"]
[SourceQuality "1"]

1. b3 d5 2. Bb2 Bg4 3. d3 Nd7 4. Nd2 e5 5. Ngf3 Bd6 6. e4 c6 7. Be2 Ngf6 8. 0-0 0-0 9. Nh4 Bxe2 10. Qxe2 Re8 11. Nf5 Bf8 12. Qf3 Qc7 13. Rfe1 dxe4 14. Nxe4 Nxe4 15. dxe4 f6 16. Rad1 Rad8 17. Qg4 Nc5 18. h4 Kh8 19. h5 Rxd1 20. Rxd1 Rd8 21. Rxd8 Qxd8 22. Ba3 Ne6 23. Bxf8 Qxf8 24. Qd1 Qd8 25. Qxd8+ Nxd8 26. Nd6 Kg8 27. Kf1 Kf8 28. Ke2 Ke7 29. Nf5+ Kf7 30. g3 g6 31. hxg6+ hxg6 32. Ne3 Ke7 33. Kd3 Ne6 34. b4 Kd7 35. a4 a6 36. a5 Nd4 37. c3 Ne6 38. Ng2 g5 39. Ne3 Kd6 40. Nc4+ Kd7 41. Ke3 Ke7 42. Kf3 Nc7 43. Nb2 Nb5 44. Na4 Kf7 45. Kg4 Nd6 46. Nc5 Ke7 47. Kh5 Kf7 48. Kg4 Ke7 49. f4 gxf4 50. gxf4 exf4 51. Kxf4 Nb5 52. Nxb7 Nxc3 53. Nc5 Na2 54. Nxa6 Ke6 55. Nc5+ Kd6 56. a6 Kc7 57. a7 1-0

[Event "Wch Blitz"]
[Site "Moscow"]
[Date "2019.12.29"]
[Round "9"]
[White "Makoveev, Ilya"]
[Black "Reshetnikov, Alexey"]
[Result "0-1"]
[WhiteElo "2277"]
[BlackElo "2492"]
[PlyCount "126"]
[EventDate "2019.12.29"]
[EventType "swiss (blitz)"]
[EventRounds "21"]
[EventCountry "RUS"]
[SourceTitle "CBM 193 Extra"]
[Source "ChessBase"]
[SourceDate "2020.01.31"]
[SourceVersion "1"]
[SourceVersionDate "2020.01.31"]
[SourceQuality "1"]

1. e4 c5 2. Nf3 Nc6 3. d4 cxd4 4. Nxd4 e6 5. Nc3 Qc7 6. g3 a6 7. Bg2 Nf6 8. 0-0 Bc5 9. Be3 Ne5 10. Qe2 d6 11. Rad1 0-0 12. h3 Bd7 13. f4 Nc6 14. Kh2 Rfd8 15. Qf2 Nxd4 16. Bxd4 Bxd4 17. Qxd4 Bc6 18. Rd2 b5 19. Rfd1 Qb7 20. a3 a5 21. e5 Ne8 22. Ne4 Bxe4 23. Bxe4 d5 24. Bg2 g6 25. g4 Rac8 26. b3 Qc7 27. f5 Nf6 28. Kh1 Nd7 29. Re2 Qb6 30. Qf4 Rc3 31. f6 Qc5 32. Rf2 Rc8 33. Rdd2 Qxa3 34. Qh6 Qf8 35. Qf4 a4 36. bxa4 R3c4 37. Rd4 bxa4 38. Rf3 Rxd4 39. Qxd4 Rc4 40. Qb2 Qb8 41. Qxb8+ Nxb8 42. Ra3 Nd7 43. Bf1 Rf4 44. Bb5 Nxe5 45. Rxa4 Rxf6 46. Kg2 g5 47. c4 dxc4 48. Bxc4 Nxc4 49. Rxc4 Kg7 50. Kg3 Rf1 51. Rc7 Ra1 52. Rd7 h6 53. Rb7 Ra3+ 54. Kg2 Kg6 55. Rc7 Ra6 56. Rc3 f5 57. Rc8 Ra2+ 58. Kf3 Ra3+ 59. Kg2 f4 60. Rc6 Re3 61. Ra6 h5 62. Ra5 hxg4 63. hxg4 Rg3+ 0-1

[Event "Wch Blitz"]
[Site "Moscow"]
[Date "2019.12.29"]
[Round "2"]
[White "Reshetnikov, Alexey"]
[Black "Salem, AR Saleh"]
[Result "0-1"]
[WhiteElo "2492"]
[BlackElo "2675"]
[PlyCount "71"]
[EventDate "2019.12.29"]
[EventType "swiss (blitz)"]
[EventRounds "21"]
[EventCountry "RUS"]
[SourceTitle "CBM 193 Extra"]
[Source "ChessBase"]
[SourceDate "2020.01.31"]
[SourceVersion "1"]
[SourceVersionDate "2020.01.31"]
[SourceQuality "1"]

1. b3 e5 2. Bb2 Nc6 3. c4 Nf6 4. e3 Be7 5. d3 d5 6. cxd5 Nxd5 7. Nf3 f6 8. a3 Be6 9. Nbd2 Qd7 10. b4 a6 11. Be2 g5 12. Nb3 0-0-0 13. Nfd2 Kb8 14. Ne4 Qe8 15. Rc1 Bc8 16. Bh5 Qd7 17. Nbc5 Bxc5 18. Nxc5 Qd6 19. Bf3 f5 20. Qa4 Na7 21. Qb3 Rhe8 22. 0-0 b6 23. Rfd1 g4 24. Be2 Ka8 25. Na4 Bb7 26. Nc3 h5 27. Nxd5 Bxd5 28. Qc2 Kb8 29. d4 e4 30. Bxa6 h4 31. Bf1 g3 32. a4 f4 33. a5 f3 34. axb6 cxb6 35. b5 h3 36. fxg3 0-1

[Event "Wch Rapid"]
[Site "Moscow"]
[Date "2019.12.28"]
[Round "14"]
[White "Gutenev, Alexander"]
[Black "Reshetnikov, Alexey"]
[Result "1/2-1/2"]
[WhiteElo "2469"]
[BlackElo "2492"]
[PlyCount "199"]
[EventDate "2019.12.26"]
[EventType "swiss (rapid)"]
[EventRounds "15"]
[EventCountry "RUS"]
[SourceTitle "CBM 193 Extra"]
[Source "ChessBase"]
[SourceDate "2020.01.31"]
[SourceVersion "1"]
[SourceVersionDate "2020.01.31"]
[SourceQuality "1"]

1. e4 c5 2. Nc3 Nc6 3. Bb5 Nd4 4. Nf3 g6 5. 0-0 Bg7 6. Re1 Nxb5 7. Nxb5 d6 8. d4 Bd7 9. c4 Bxb5 10. cxb5 cxd4 11. Nxd4 Nf6 12. b3 0-0 13. Bb2 Qa5 14. a3 Nd7 15. Re2 Rfc8 16. h3 Qb6 17. b4 Rc4 18. Rd2 Rac8 19. Kh2 Be5+ 20. g3 Bxd4 21. Rxd4 Qxb5 22. Rd5 Qc6 23. Qd3 Rc2 24. Bd4 Nf6 25. Bc5 Nxd5 26. exd5 Qa4 27. Bd4 Rc1 28. h4 Rxa1 29. Bxa1 Qc2 30. Qd4 f6 31. Qe3 Kf8 32. Bd4 Qf5 33. Qh6+ Kg8 34. Qe3 Kf7 35. Qh6 Qxd5 36. Qxh7+ Ke6 37. Be3 Qf5 38. Qg7 a6 39. a4 Qc2 40. a5 Rc3 41. Qg8+ Kd7 42. Bb6 Rc8 43. Qd5 Rc6 44. Qg8 Qe4 45. Be3 Rc3 46. Qf7 Rc2 47. Qb3 Qc4 48. Qa4+ Qc6 49. Qb3 Qc4 50. Qa4+ Qc6 51. Qb3 Rc4 52. Qb1 f5 53. h5 Qf3 54. hxg6 Qh5+ 55. Kg2 Qxg6 56. b5 Qe6 57. bxa6 Qd5+ 58. Kh2 bxa6 59. Qb6 Rc8 60. Qa7+ Ke6 61. Bg5 Rh8+ 62. Bh4 Rxh4+ 63. gxh4 Qxa5 64. h5 f4 65. h6 Qh5+ 66. Kg2 Qxh6 67. Qxa6 Qg5+ 68. Kf3 Kf6 69. Qa8 Kf7 70. Qa2+ Kf6 71. Qa1+ Qe5 72. Qa8 Kf7 73. Qa2+ d5 74. Qc2 Qh5+ 75. Kxf4 e5+ 76. Ke3 Qg5+ 77. Ke2 Qg4+ 78. Ke1 Qb4+ 79. Kd1 Qd4+ 80. Ke1 Qb4+ 81. Kd1 Qg4+ 82. Ke1 Qb4+ 83. Kd1 Qd4+ 84. Ke1 Kf6 85. Qc8 Qb4+ 86. Kd1 Qb1+ 87. Kd2 Qa2+ 88. Kd1 Qa4+ 89. Kd2 Qf4+ 90. Ke1 Qb4+ 91. Kd1 e4 92. Qh8+ Ke6 93. Qg8+ Ke5 94. Qg7+ Kf4 95. Qf7+ Ke5 96. Qg7+ Kf5 97. Qf7+ Ke5 98. Qg7+ Ke6 99. Qg8+ Ke5 100. Qg7+ 1/2-1/2

[Event "Wch Rapid"]
[Site "Moscow"]
[Date "2019.12.27"]
[Round "6"]
[White "Yagupov, Igor"]
[Black "Reshetnikov, Alexey"]
[Result "1/2-1/2"]
[WhiteElo "2357"]
[BlackElo "2492"]
[PlyCount "92"]
[EventDate "2019.12.26"]
[EventType "swiss (rapid)"]
[EventRounds "15"]
[EventCountry "RUS"]
[SourceTitle "CBM 193 Extra"]
[Source "ChessBase"]
[SourceDate "2020.01.31"]
[SourceVersion "1"]
[SourceVersionDate "2020.01.31"]
[SourceQuality "1"]

1. e4 c5 2. Nf3 Nc6 3. d4 cxd4 4. Nxd4 Nf6 5. Nc3 Qb6 6. Nb3 e6 7. a3 Qc7 8. Be3 a6 9. f4 d6 10. g4 b5 11. g5 Nd7 12. f5 Nde5 13. fxe6 fxe6 14. Be2 Be7 15. 0-0 Bd7 16. Qe1 Nf7 17. Qg3 0-0 18. Rf2 Nfe5 19. Raf1 Rxf2 20. Rxf2 Rf8 21. Rxf8+ Bxf8 22. h4 g6 23. Qf2 Bg7 24. Nd4 Nxd4 25. Bxd4 Bc6 26. Kf1 Qb7 27. Qe3 Kf7 28. b4 Bd7 29. Nd1 Qc6 30. c3 Kg8 31. Nf2 Bc8 32. Kg1 Bb7 33. Qh3 Bc8 34. Qe3 Bb7 35. Qh3 Qd7 36. Qe3 Qc6 37. Qh3 Kf7 38. Qe3 Ke7 39. Kh2 Kf7 40. Kh3 Kg8 41. Kh2 Qc7 42. Kg1 Qc6 43. Qh3 Bc8 44. Qe3 Bb7 45. Qh3 Qd7 46. Qe3 Qc6 1/2-1/2

[Event "Titled Tuesday intern op 3rd Jan"]
[Site "Chess.com INT"]
[Date "2019.12.03"]
[Round "1"]
[White "Olsen, Filip Boe"]
[Black "Reshetnikov, Alexey"]
[Result "0-1"]
[WhiteElo "2341"]
[BlackElo "2492"]
[PlyCount "74"]
[EventDate "2019.12.03"]
[EventType "swiss (blitz)"]
[EventRounds "10"]
[EventCountry "USA"]
[SourceTitle "EXT 2021"]
[Source "ChessBase"]
[SourceDate "2020.10.23"]
[SourceVersion "1"]
[SourceVersionDate "2020.10.23"]
[SourceQuality "1"]

1. d4 Nf6 2. Nf3 d5 3. Bf4 c5 4. c3 Qb6 5. Qb3 Nc6 6. e3 c4 7. Qc2 Bf5 8. Qc1 e6 9. Nbd2 Qd8 10. h3 h6 11. Be2 Be7 12. 0-0 0-0 13. Bd1 Bd6 14. Bc2 b5 15. Ne5 Bxe5 16. Bxe5 Nxe5 17. dxe5 Nd7 18. Bxf5 exf5 19. f4 f6 20. exf6 Rxf6 21. Nf3 Qb6 22. Nd4 Nc5 23. Qc2 Re8 24. Rf3 Re4 25. Rd1 a5 26. g4 fxg4 27. hxg4 b4 28. Nf5 Nd3 29. b3 Rxf4 30. Ne7+ Kh8 31. Nxd5 Rxg4+ 32. Kh1 Rxf3 33. Rxd3 Rh3+ 34. Qh2 Rxh2+ 35. Kxh2 Qb8+ 36. Kh3 cxd3 37. Kxg4 d2 0-1

[Event "Titled Tuesday intern op 3rd Jan"]
[Site "Chess.com INT"]
[Date "2019.12.03"]
[Round "8"]
[White "Reshetnikov, Alexey"]
[Black "Musovic, Armin"]
[Result "1-0"]
[WhiteElo "2492"]
[BlackElo "2230"]
[PlyCount "65"]
[EventDate "2019.12.03"]
[EventType "swiss (blitz)"]
[EventRounds "10"]
[EventCountry "USA"]
[SourceTitle "EXT 2021"]
[Source "ChessBase"]
[SourceDate "2020.10.23"]
[SourceVersion "1"]
[SourceVersionDate "2020.10.23"]
[SourceQuality "1"]

1. d4 d5 2. Nf3 Nf6 3. c4 c5 4. e3 e6 5. Nc3 Nc6 6. a3 a5 7. Bd3 Be7 8. 0-0 0-0 9. dxc5 Bxc5 10. Qe2 Re8 11. Rd1 d4 12. exd4 Nxd4 13. Nxd4 Bxd4 14. Nb5 e5 15. h3 h6 16. Nxd4 exd4 17. Qf3 Qb6 18. Rb1 Bd7 19. b4 Ba4 20. Rf1 Bc6 21. Qd1 Ne4 22. Bb2 axb4 23. axb4 Qxb4 24. Bxd4 Qd6 25. Ba1 Qg6 26. f3 Rad8 27. fxe4 Rxd3 28. Qxd3 Bxe4 29. Qe2 f5 30. Rbe1 Rd8 31. Qf2 Kh7 32. Re3 Ra8 33. Rg3 1-0

[Event "Titled Tuesday intern op 3rd Jan"]
[Site "Chess.com INT"]
[Date "2019.12.03"]
[Round "9"]
[White "Reshetnikov, Alexey"]
[Black "Roberson, Peter T"]
[Result "1/2-1/2"]
[WhiteElo "2492"]
[BlackElo "2435"]
[PlyCount "54"]
[EventDate "2019.12.03"]
[EventType "swiss (blitz)"]
[EventRounds "10"]
[EventCountry "USA"]
[SourceTitle "EXT 2021"]
[Source "ChessBase"]
[SourceDate "2020.10.23"]
[SourceVersion "1"]
[SourceVersionDate "2020.10.23"]
[SourceQuality "1"]

1. d4 Nf6 2. c4 e6 3. Nf3 d5 4. Nc3 Be7 5. Bg5 Nbd7 6. e3 0-0 7. Bd3 dxc4 8. Bxc4 c5 9. 0-0 a6 10. dxc5 Nxc5 11. b4 Nce4 12. Qxd8 Bxd8 13. Nxe4 Nxe4 14. Bxd8 Rxd8 15. Rfd1 Bd7 16. Rd4 Bc6 17. Rc1 Kf8 18. Bd3 Nf6 19. Rxd8+ Rxd8 20. Ne5 Ng4 21. Nxg4 Rxd3 22. Ne5 Ra3 23. Nxc6 bxc6 24. Rxc6 Rxa2 25. g3 g6 26. Kg2 Ra4 27. Rb6 Kg7 1/2-1/2

[Event "Titled Tuesday intern op 3rd Jan"]
[Site "Chess.com INT"]
[Date "2019.12.03"]
[Round "4"]
[White "Reshetnikov, Alexey"]
[Black "Zhuravleva, Olga"]
[Result "1/2-1/2"]
[WhiteElo "2492"]
[BlackElo "2278"]
[PlyCount "94"]
[EventDate "2019.12.03"]
[EventType "swiss (blitz)"]
[EventRounds "10"]
[EventCountry "USA"]
[SourceTitle "EXT 2021"]
[Source "ChessBase"]
[SourceDate "2020.10.23"]
[SourceVersion "1"]
[SourceVersionDate "2020.10.23"]
[SourceQuality "1"]

1. Nc3 d5 2. e4 dxe4 3. Nxe4 Nf6 4. Nxf6+ exf6 5. d4 Bd6 6. Bd3 0-0 7. Ne2 Nc6 8. c3 Re8 9. Qc2 h6 10. 0-0 Bg4 11. h3 Be6 12. Nf4 Bd7 13. Bd2 Ne7 14. Rfe1 c6 15. Re2 Qc7 16. Rae1 Bxf4 17. Bxf4 Qxf4 18. Rxe7 Qd6 19. Rxe8+ Rxe8 20. Rxe8+ Bxe8 21. Qe2 Bd7 22. Qe3 Be6 23. a3 Qc7 24. c4 Qb6 25. b4 Kf8 26. Qe4 g6 27. Qf4 Kg7 28. Qe3 a5 29. c5 Qd8 30. b5 cxb5 31. Bxb5 Qd5 32. Be2 Qa2 33. Bf3 Qb1+ 34. Kh2 Qb5 35. d5 Bc8 36. Qd4 Qd7 37. g3 Qf5 38. Bg2 h5 39. h4 Qd7 40. Qc3 Qa4 41. c6 bxc6 42. dxc6 Qb5 43. c7 Qb6 44. Kg1 Qb1+ 45. Kh2 Qb6 46. Qc2 Qe6 47. Qc3 Qb6 1/2-1/2

[Event "Moscow blitz 73rd"]
[Site "Moscow"]
[Date "2019.09.07"]
[Round "9"]
[White "Kobalia, Mihail"]
[Black "Reshetnikov, Alexey"]
[Result "1-0"]
[WhiteElo "2608"]
[BlackElo "2492"]
[PlyCount "101"]
[EventDate "2019.09.07"]
[EventType "tourn (blitz)"]
[EventRounds "17"]
[EventCountry "RUS"]
[EventCategory "13"]
[SourceTitle "EXT 2020"]
[Source "ChessBase"]
[SourceDate "2019.10.17"]
[SourceVersion "1"]
[SourceVersionDate "2019.10.17"]
[SourceQuality "1"]

1. e4 c5 2. Nf3 Nc6 3. Bb5 e6 4. 0-0 Nge7 5. d4 cxd4 6. Nxd4 a6 7. Be2 Nxd4 8. Qxd4 Nc6 9. Qd3 Qc7 10. Nc3 b5 11. a3 Bb7 12. Bg5 Bc5 13. Rad1 Be7 14. Bxe7 Nxe7 15. Qd6 Qxd6 16. Rxd6 Nc8 17. Rd4 Ke7 18. Rfd1 Rd8 19. a4 bxa4 20. Rxa4 Rb8 21. Rda1 Bc6 22. R4a2 Nd6 23. f3 Nb5 24. Rxa6 Nxc3 25. bxc3 Rdc8 26. R6a5 g6 27. Bd3 f5 28. Kf2 Rb2 29. Ke3 Kf6 30. h4 h6 31. g4 fxg4 32. fxg4 Rcb8 33. e5+ Kg7 34. Rf1 g5 35. h5 Rb1 36. Rf6 Rg1 37. Rg6+ Kf7 38. Rxh6 Rbb1 39. Be2 Rbe1 40. Rf6+ Ke7 41. Kd2 Rb1 42. Rf2 Rh1 43. c4 Rhg1 44. Ra3 Kd8 45. Re3 Kc7 46. Rf8 Rxg4 47. Rg8 Rg2 48. Kd3 g4 49. Rxg4 Rh2 50. Rgg3 Rh3 51. Rxh3 1-0

[Event "Moscow blitz 73rd"]
[Site "Moscow"]
[Date "2019.09.07"]
[Round "12"]
[White "Reshetnikov, Alexey"]
[Black "Dubov, Daniil"]
[Result "1/2-1/2"]
[WhiteElo "2492"]
[BlackElo "2699"]
[PlyCount "53"]
[EventDate "2019.09.07"]
[EventType "tourn (blitz)"]
[EventRounds "17"]
[EventCountry "RUS"]
[EventCategory "13"]
[SourceTitle "EXT 2020"]
[Source "ChessBase"]
[SourceDate "2019.10.17"]
[SourceVersion "1"]
[SourceVersionDate "2019.10.17"]
[SourceQuality "1"]

1. d4 Nf6 2. c4 g6 3. Nc3 d5 4. cxd5 Nxd5 5. Nf3 Bg7 6. e4 Nxc3 7. bxc3 c5 8. Be3 Qa5 9. Qd2 Nd7 10. Bd3 0-0 11. 0-0 Nf6 12. h3 cxd4 13. cxd4 Qxd2 14. Bxd2 Bd7 15. Rab1 b6 16. Rfc1 Rfc8 17. Ne5 Ba4 18. Be3 Nd7 19. Nxd7 Bxd7 20. Ba6 Rd8 21. Rc7 Bc8 22. Bxc8 Raxc8 23. Rxa7 Bxd4 24. Bxd4 Rxd4 25. Rxe7 Rc2 26. Rb7 Rxe4 27. R7xb6 1/2-1/2

[Event "Moscow blitz 73rd"]
[Site "Moscow"]
[Date "2019.09.07"]
[Round "13"]
[White "Sapunov, Evgeny"]
[Black "Reshetnikov, Alexey"]
[Result "1-0"]
[WhiteElo "2461"]
[BlackElo "2492"]
[PlyCount "79"]
[EventDate "2019.09.07"]
[EventType "tourn (blitz)"]
[EventRounds "17"]
[EventCountry "RUS"]
[EventCategory "13"]
[SourceTitle "EXT 2020"]
[Source "ChessBase"]
[SourceDate "2019.10.17"]
[SourceVersion "1"]
[SourceVersionDate "2019.10.17"]
[SourceQuality "1"]

1. c4 c5 2. Nc3 Nc6 3. Nf3 g6 4. e3 Nf6 5. d4 cxd4 6. exd4 d5 7. cxd5 Nxd5 8. Qb3 Nxc3 9. Bc4 Nd5 10. Bxd5 e6 11. Bxc6+ bxc6 12. 0-0 Qd5 13. Qc2 Bg7 14. b3 0-0 15. Ba3 Rd8 16. Rac1 a5 17. Bc5 a4 18. bxa4 Ba6 19. Rfe1 f6 20. a5 e5 21. Bb6 Rdc8 22. dxe5 fxe5 23. Red1 Qb5 24. a4 Qb4 25. Qa2+ Kh8 26. Ng5 h6 27. Ne6 Bf6 28. Nc5 Qg4 29. Nxa6 Rxa6 30. Qf7 Bg7 31. Rd7 Rg8 32. h3 Qg5 33. Rxc6 Qf5 34. Rxg6 Qxf7 35. Rxf7 Raa8 36. g4 Rac8 37. a6 Rc4 38. a5 e4 39. a7 Ra4 40. Rgxg7 1-0

[Event "Moscow blitz 73rd"]
[Site "Moscow"]
[Date "2019.09.07"]
[Round "1"]
[White "Savchenko, Boris"]
[Black "Reshetnikov, Alexey"]
[Result "1-0"]
[WhiteElo "2581"]
[BlackElo "2492"]
[PlyCount "95"]
[EventDate "2019.09.07"]
[EventType "tourn (blitz)"]
[EventRounds "17"]
[EventCountry "RUS"]
[EventCategory "13"]
[SourceTitle "EXT 2020"]
[Source "ChessBase"]
[SourceDate "2019.10.17"]
[SourceVersion "1"]
[SourceVersionDate "2019.10.17"]
[SourceQuality "1"]

1. e4 c5 2. Nf3 Nc6 3. d4 cxd4 4. Nxd4 e6 5. Nc3 Qc7 6. Be3 Nf6 7. a3 a6 8. f4 d6 9. Bd3 Be7 10. Qe2 0-0 11. Nf3 b5 12. Nd1 Bb7 13. Nf2 e5 14. 0-0-0 b4 15. a4 b3 16. c3 Qa5 17. fxe5 dxe5 18. Nd2 Qxa4 19. Nc4 Rad8 20. Bb1 Qa1 21. Rxd8 Rxd8 22. Rd1 a5 23. Rxd8+ Bxd8 24. Bc5 Ba6 25. Ba3 Be7 26. Bxe7 Nxe7 27. Qd1 Ng6 28. Qd8+ Nf8 29. Na3 Bb7 30. Qb8 Nxe4 31. Qxb7 Nxc3 32. Qxb3 Ne2+ 33. Kd2 Nd4 34. Qc3 g6 35. Ne4 Nfe6 36. g3 Kg7 37. h4 h6 38. Ke1 f5 39. Nd2 Kf6 40. Kf2 g5 41. hxg5+ Nxg5 42. Kg2 Nge6 43. Qc1 h5 44. Qc3 a4 45. Ndc4 h4 46. Qe3 hxg3 47. Qxe5+ Kg5 48. Kxg3 1-0

[Event "Titled Tuesday intern op 6th Aug"]
[Site "Chess.com INT"]
[Date "2019.08.06"]
[Round "3"]
[White "Atabayev, Saparmyrat"]
[Black "Reshetnikov, Alexey"]
[Result "0-1"]
[WhiteElo "2424"]
[BlackElo "2492"]
[PlyCount "98"]
[EventDate "2019.08.06"]
[EventType "swiss (blitz)"]
[EventRounds "10"]
[EventCountry "USA"]
[SourceTitle "EXT 2021"]
[Source "ChessBase"]
[SourceDate "2020.10.23"]
[SourceVersion "1"]
[SourceVersionDate "2020.10.23"]
[SourceQuality "1"]

1. d4 d5 2. c4 c6 3. Nf3 Nf6 4. cxd5 cxd5 5. Nc3 Nc6 6. Bf4 a6 7. e3 Bg4 8. Be2 Rc8 9. 0-0 e6 10. h3 Bxf3 11. Bxf3 Bd6 12. Bg5 h6 13. Bh4 0-0 14. Qe2 Be7 15. Rfc1 Na5 16. Rc2 Nc4 17. Rac1 b5 18. Nb1 Qd7 19. b3 Nb6 20. Qe1 Rxc2 21. Rxc2 Rc8 22. Qc1 g5 23. Bg3 Ne4 24. Bc7 Na8 25. Ba5 Rxc2 26. Qxc2 f5 27. Nd2 Bd6 28. Nxe4 fxe4 29. Bg4 Kg7 30. f3 Bc7 31. Bxc7 Qxc7 32. Qxc7+ Nxc7 33. fxe4 dxe4 34. Kf2 Kf6 35. Bd1 b4 36. Be2 a5 37. Bc4 h5 38. Ke2 h4 39. Kd2 Ke7 40. Ke2 Kd6 41. Kd2 e5 42. Ke2 Ne8 43. Kd2 Ng7 44. Be2 exd4 45. exd4 Kd5 46. Bg4 Kxd4 47. Ke2 Ne8 48. Bd7 Nc7 49. Kd2 Nd5 0-1

[Event "Titled Tuesday intern op 6th Aug"]
[Site "Chess.com INT"]
[Date "2019.08.06"]
[Round "5"]
[White "Khoroshev, Nikita"]
[Black "Reshetnikov, Alexey"]
[Result "0-1"]
[WhiteElo "2381"]
[BlackElo "2492"]
[PlyCount "52"]
[EventDate "2019.08.06"]
[EventType "swiss (blitz)"]
[EventRounds "10"]
[EventCountry "USA"]
[SourceTitle "EXT 2021"]
[Source "ChessBase"]
[SourceDate "2020.10.23"]
[SourceVersion "1"]
[SourceVersionDate "2020.10.23"]
[SourceQuality "1"]

1. d4 d5 2. Nf3 Nf6 3. c4 c6 4. Nc3 dxc4 5. a4 e6 6. e4 Bb4 7. Qc2 b5 8. Be2 Bb7 9. 0-0 a6 10. Rd1 Nbd7 11. Bg5 h6 12. Bh4 Qb6 13. e5 Nd5 14. Ne4 0-0 15. Neg5 hxg5 16. Nxg5 f5 17. Nxe6 c5 18. Nxf8 Rxf8 19. axb5 axb5 20. dxc5 Nxc5 21. Bf3 Ne4 22. Bxe4 fxe4 23. Qxe4 Bc5 24. Rxd5 Bxf2+ 25. Kh1 Bxh4 26. Rd6 Qf2 0-1